000 00321nam a2200109Ia 4500
008 171211s9999 xx 000 0 und d
245 _aCommemorating the Dead in Late Medieval Strasbourg
245 _cCharlotte A. Stanford
260 _c2011
650 _xReligion
856 _uhttp://down.ebook777.com/063/1409401367.pdf
999 _c350467
_d350467